• 首页
  • 本馆介绍
  • 公告通知
  • 最新文献
  • 馆藏检索
  • 电子资源
  • 读者导购
  • 参考咨询
  • 我的图书馆
  • 登录
  • 详细信息显示
  • 放入我的书架
  • 预约/预借图书
  • 作者相关作品
  • 分类相关作品
  • 丛书相关作品
  • 出版社相关作品

书目信息

  • 表格格式
  • 工作单格式
  • 卡片格式
题名:
密码学在信息系统安全中的研究及应用
    
 
作者: 董仕 著
分册:  
出版信息: 北京   中国纺织出版社  2018.03
页数: 231页
开本: 21cm
丛书名:
单 册:
中图分类: TP309 , TN918.1
科图分类:
主题词: 密码术--应用--信息系统--安全技术 , 保密通信
电子资源:
ISBN: 978-7-5180-4308-8
000 01036nam0 2200253 450
001 5121
005 20181014104256.22
010    @a978-7-5180-4308-8@dCNY55.00
100    @a20180217d2018 em y0chiy50 ea
101 0  @achi
102    @aCN@b110000
105    @ay z 000yy
200 1  @a密码学在信息系统安全中的研究及应用@9mi ma xue zai xin xi xi tong an quan zhong de yan jiu ji ying yong@f董仕著
210    @a北京@c中国纺织出版社@d2018.03
215    @a231页@d21cm
330    @a本书从理论探讨和实际应用两个方面对其进行了分析研究,通过介绍信息安全中最常见的安全攻击的表现,包括人为的恶意攻击以及计算机病毒等,以阐述密码学在网络信息安全中的重要作用、应用及解决当前网络信息安全所面临问题的具体机制,以期为密码学在网络信息安全中的正确应用提供借鉴。
333    @a密码学应用研究人员、信息安全技术研究人员及相关读者。
606 0  @a密码术@x应用@x信息系统@x安全技术
606 0  @a保密通信
690    @aTP309@v5
690    @aTN918.1@v4
701  0 @a董仕@9dong shi@4著
801  0 @aCN@b91MARC@c20180217
905    @aMuseLib@dTN918.1@e191
    
    密码学在信息系统安全中的研究及应用/董仕著.-北京:中国纺织出版社,2018.03
    231页;21cm
    使用对象:密码学应用研究人员、信息安全技术研究人员及相关读者。
    
    ISBN 978-7-5180-4308-8:CNY55.00
    本书从理论探讨和实际应用两个方面对其进行了分析研究,通过介绍信息安全中最常见的安全攻击的表现,包括人为的恶意攻击以及计算机病毒等,以阐述密码学在网络信息安全中的重要作用、应用及解决当前网络信息安全所面临问题的具体机制,以期为密码学在网络信息安全中的正确应用提供借鉴。
●
相关链接 在E读中查询图书 在五车中查询图书 在当当中查询图书 在豆瓣中查询图书


正题名:密码学在信息系统安全中的研究及应用     索取号:TN918.1/191         预约/预借

序号 登录号 条形码 馆藏地/架位号 状态 备注
1 1128229   211282299   第二样本阅览室/ [索取号:TN918.1/191] 在馆    
2 1128230   211282306   第三借阅区/ [索取号:TN918.1/191] 在馆    
3 1128231   211282315   第三借阅区/ [索取号:TN918.1/191] 在馆    
4 1128232   211282324   第三借阅区/ [索取号:TN918.1/191] 在馆    
5 1128233   211282333   第三借阅区/ [索取号:TN918.1/191] 在馆    
唐山师范学院图书馆 欢迎您!
大连网信软件有限公司© 版权所有